| 000 | 00432nam a2200181Ia 4500 | ||
|---|---|---|---|
| 001 | 13825 | ||
| 005 | 20260306164829.0 | ||
| 008 | 260306t2000||||xx |||||||||||||| ||spa|| | ||
| 041 | _aESP | ||
| 082 |
_a005.369SAP _bH44 |
||
| 100 |
_aHernández Muñoz, José Antonio _eAUT |
||
| 245 | 0 | _aManual de SAP R/3 | |
| 260 | _c2000 | ||
| 300 |
_a889 páginas : _c23 cm. |
||
| 650 | _aGEN | ||
| 654 | _aCCC | ||
| 942 |
_cLIB _dJUS _fJUS _2ddc _n |
||
| 999 |
_c13825 _d13825 |
||